• 首页
  • 本馆介绍
  • 公告通知
  • 最新文献
  • 馆藏检索
  • 电子资源
  • 读者导购
  • 参考咨询
  • 我的图书馆
  • 登录
  • 详细信息显示
  • 放入我的书架
  • 预约/预借图书
  • 作者相关作品
  • 分类相关作品
  • 丛书相关作品
  • 出版社相关作品

书目信息

  • 表格格式
  • 工作单格式
  • 卡片格式
题名:
汽车电子KEA系列微控制器
    
 
作者: 王宜怀 , 李跃华 著
分册:  
出版信息: 北京   电子工业出版社  2015
页数: 354页
开本: 26cm
丛书名: 嵌入式技术与应用丛书
单 册:
中图分类: TP332.3
科图分类:
主题词: 微控制器
电子资源:
ISBN: 978-7-121-26686-7
000 01003nam0 2200241 450
001 3357
005 20160926085622.15
010    @a978-7-121-26686-7@b平装@dCNY68.00
100    @a20150914d2015 em y0chiy50 ea
101 0  @achi
102    @aCN@b110000
105    @ay z 000yy
200 1  @a汽车电子KEA系列微控制器@9qi che dian zi KEA xi lie wei kong zhi qi@e基于ARM Cortex-M0+内核@f王宜怀,李跃华著
210    @a北京@c电子工业出版社@d2015
215    @a354页@d26cm
225 1  @a嵌入式技术与应用丛书
330    @a本书共16章,1~6章囊括了学习一个新微控制器入门的基本知识要素及基本规范,7~12章分别给出各个模块的程序设计方法,第13章给出时钟系统及其他模块,第14章给出基于实时操作系统MQX-Lite的编程方法,第15章给出一个汽车冷却风扇控制实例,第16章给出位带及操作引擎等技术的进一步讨论。
606 0  @a微控制器
690    @aTP332.3@v5
701  0 @a王宜怀@9wang yi huai@f(1962~)@4著
701  0 @a李跃华@9li yue hua@c(计算机)@4著
801  0 @aCN@b唐山师范学院图书馆@c20151001
905    @aZUCC@dTP332.3@e138
    
    汽车电子KEA系列微控制器:基于ARM Cortex-M0+内核/王宜怀,李跃华著.-北京:电子工业出版社,2015
    354页;26cm.-(嵌入式技术与应用丛书)
    
    
    ISBN 978-7-121-26686-7(平装):CNY68.00
    本书共16章,1~6章囊括了学习一个新微控制器入门的基本知识要素及基本规范,7~12章分别给出各个模块的程序设计方法,第13章给出时钟系统及其他模块,第14章给出基于实时操作系统MQX-Lite的编程方法,第15章给出一个汽车冷却风扇控制实例,第16章给出位带及操作引擎等技术的进一步讨论。
●
相关链接 在E读中查询图书 在五车中查询图书 在当当中查询图书 在豆瓣中查询图书


正题名:汽车电子KEA系列微控制器     索取号:TP332.3/138         预约/预借

序号 登录号 条形码 馆藏地/架位号 状态 备注
1 904898   209048984   第二样本阅览室/ [索取号:TP332.3/138] 在馆    
2 904899   209048993   第三借阅区/ [索取号:TP332.3/138] 在馆    
3 904900   209049000   第三借阅区/ [索取号:TP332.3/138] 在馆    
4 904901   209049019   第三借阅区/ [索取号:TP332.3/138] 在馆    
5 904902   209049028   密集书库-物理学院/ [索取号:TP332.3/138] 在馆    
唐山师范学院图书馆 欢迎您!
大连网信软件有限公司© 版权所有